| 000 | 00540nam a2200193Ia 4500 | ||
|---|---|---|---|
| 005 | 20250508162805.0 | ||
| 008 | 008 250505s9999 xx 000 0 eng d | ||
| 020 | _a81-7023-203-1 | ||
| 037 | _aReference | ||
| 040 |
_aFEDL _beng _cFEDL |
||
| 041 |
_aeng _2eng |
||
| 084 |
_a371.26, PRI _qFEDL |
||
| 100 | _aPritam Singh | ||
| 245 | 0 | _aHand book of pupil evaluation | |
| 260 |
_aBombay, India _bAllied Publishers Private Limited _c1989 |
||
| 300 | _axv,508p. | ||
| 942 |
_cREF _h371.26, PRI |
||
| 999 |
_c1378702 _d1378702 |
||